000 00488nam a2200181Ia 4500
001 23593
005 20260414150947.0
008 260414t2014||||xx |||||||||||||| ||spa||
041 _aESP
082 _a670.42
_bG68
100 _aGonzales Zuñiga, José Fidencio Domingo
_eAUT
245 0 _aIntroducción a la ingeniería industrial :
_bContexto occidental
260 _c2014
300 _axiv, 432 páginas :
_c23 cm.
650 _aTCA
654 _aCII
942 _cLIB
_dJUS
_fJUS
_2ddc
_n
999 _c23593
_d23593